[Event "IV Trofeo Giovanni Pico"]
[Site "Mirandola ITA"]
[Date "2011.01.15"]
[Round "2"]
[White "Xia, Jie"]
[Black "Sasdelli, Massimo"]
[Result "1-0"]
[WhiteElo "2198"]
[BlackElo "1897"]
[PlyCount "72"]
[EventDate "2011.01.14"]

1. e4 e5 2. Nf3 Nc6 3. d4 exd4 4. Bc4 Be7 5. c3 Nf6 6. e5 Ng4 7. cxd4 d5 8. Bb5
h5 9. Nc3 a6 10. Ba4 Kf8 11. O-O Be6 12. Be3 g5 13. Rc1 Na5 14. Bb3 c6 15. Nd2
Nxb3 16. Nxb3 Kg8 17. Qd2 Nh6 18. Nc5 Rb8 19. Ne2 Ng4 20. Rc3 Nxe3 21. fxe3 Qc8
22. e4 b6 23. Nxe6 Qxe6 24. Ng3 Kf8 25. Qc2 c5 26. Rcf3 cxd4 27. Rxf7+ Qxf7 28.
Rxf7+ Kxf7 29. exd5 Bc5 30. Qf5+ Ke8 31. Qg6+ Kf8 32. d6 d3+ 33. Kf1 Rg8 34.
Qf6+ Ke8 35. Qe6+ Kf8 36. d7 Rg7 1-0

[Event "IV Trofeo Giovanni Pico"]
[Site "Mirandola ITA"]
[Date "2011.01.15"]
[Round "2"]
[White "Setti, Roberto"]
[Black "Guanciale, Orazio"]
[Result "0-1"]
[WhiteElo "1939"]
[BlackElo "2193"]
[PlyCount "70"]
[EventDate "2011.01.14"]

1. e4 e6 2. d4 d5 3. Nc3 Bb4 4. exd5 exd5 5. Bd3 Nc6 6. a3 Bxc3+ 7. bxc3 Nge7
8. Qh5 Be6 9. Ne2 Qd7 10. O-O O-O-O 11. Re1 h6 12. h3 g5 13. Ng3 Nf5 14. Nxf5
Bxf5 15. Bd2 Na5 16. Ra2 Nc4 17. Bc1 Nd6 18. Re5 f6 19. Rxd5 Be6 20. Qf3 c6 21.
Rxd6 Qxd6 22. Ra1 Bd5 23. Qf5+ Qe6 24. Be3 Qxf5 25. Bxf5+ Kc7 26. Rb1 Rhe8 27.
Kf1 Be4 28. Bxe4 Rxe4 29. Ke2 Rde8 30. Kd3 f5 31. Rd1 f4 32. Bc1 Re2 33. Rf1
Re1 34. Rxe1 Rxe1 35. Bd2 Rg1 0-1

[Event "IV Trofeo Giovanni Pico"]
[Site "Mirandola ITA"]
[Date "2011.01.15"]
[Round "2"]
[White "Moi, Roberto"]
[Black "Camerini, Lorenzo"]
[Result "0-1"]
[WhiteElo "1934"]
[BlackElo "2111"]
[PlyCount "58"]
[EventDate "2011.01.14"]

1. d4 g6 2. e4 Bg7 3. c4 d6 4. Nc3 e5 5. Be3 Nc6 6. d5 Nce7 7. Bd3 f5 8. f3 Nf6
9. a4 c5 10. dxc6 bxc6 11. a5 O-O 12. Nge2 Be6 13. Qc2 Qe8 14. O-O f4 15. Bf2
g5 16. c5 d5 17. exd5 cxd5 18. Nb5 Qd7 19. Nd6 g4 20. Bb5 Qc7 21. Bh4 Ng6 22.
Bxf6 Bxf6 23. b4 Qg7 24. Nf5 Bxf5 25. Qxf5 gxf3 26. Rxf3 e4 27. Qe6+ Kh8 28.
Raf1 exf3 29. Rxf3 Bd4+ 0-1

[Event "IV Trofeo Giovanni Pico"]
[Site "Mirandola ITA"]
[Date "2011.01.15"]
[Round "2"]
[White "La Venia, Stefano"]
[Black "Gabbriellini, Gianfranco"]
[Result "1-0"]
[WhiteElo "2041"]
[BlackElo "1527"]
[PlyCount "51"]
[EventDate "2011.01.14"]

1. e4 e5 2. Nf3 Nc6 3. Bc4 Bc5 4. b4 Bxb4 5. c3 Bd6 6. d4 exd4 7. cxd4 Be7 8.
Qb3 Na5 9. Bxf7+ Kf8 10. Qc3 c6 11. Bxg8 Rxg8 12. O-O d6 13. Ba3 Be6 14. Nbd2
c5 15. d5 Bd7 16. e5 Bf5 17. exd6 Bf6 18. Ne5 b6 19. Qf3 Qxd6 20. Ndc4 Nxc4 21.
Nxc4 Qd7 22. Rae1 Rd8 23. Ne5 Qc8 24. g4 g6 25. Kh1 Qa8 26. Nc6 1-0

[Event "IV Trofeo Giovanni Pico"]
[Site "Mirandola ITA"]
[Date "2011.01.15"]
[Round "2"]
[White "Pomante, Sergio"]
[Black "Di Trapani, Davide"]
[Result "0-1"]
[WhiteElo "1644"]
[BlackElo "1994"]
[PlyCount "52"]
[EventDate "2011.01.14"]

1. e4 e5 2. Nf3 Nc6 3. Bb5 a6 4. Ba4 Nf6 5. O-O b5 6. Bb3 Bc5 7. c3 d6 8. Re1
O-O 9. d4 Bb6 10. h3 Bb7 11. d5 Ne7 12. Be3 Bxe3 13. Rxe3 Ng6 14. Nbd2 Nf4 15.
Nf1 N6h5 16. Ng3 g6 17. Nh2 Bc8 18. Ng4 Qg5 19. Nxh5 gxh5 20. g3 Nxh3+ 21. Kh2
hxg4 22. Qe1 f5 23. Bd1 f4 24. gxf4 exf4 25. Rd3 Qh4 26. Rd2 Nxf2+ 0-1

[Event "IV Trofeo Giovanni Pico"]
[Site "Mirandola ITA"]
[Date "2011.01.15"]
[Round "2"]
[White "Basso, Pier Luigi"]
[Black "Pavesi, Paolo"]
[Result "1-0"]
[WhiteElo "1981"]
[BlackElo "1440"]
[PlyCount "57"]
[EventDate "2011.01.14"]

1. e4 e5 2. Nf3 Nc6 3. d4 exd4 4. Bc4 h6 5. Nxd4 Nf6 6. O-O Ne5 7. Bb3 Bc5 8.
Be3 d6 9. h3 Neg4 10. hxg4 Nxg4 11. Qf3 O-O 12. Nf5 Ne5 13. Qg3 Bxf5 14. exf5
Bxe3 15. fxe3 Qf6 16. Nc3 Nd7 17. Nd5 Qd8 18. f6 g6 19. Nxc7 Kh7 20. Nxa8 Qxa8
21. Qxd6 Nb6 22. Rf3 Rd8 23. Qf4 Nd5 24. Bxd5 Rxd5 25. Qe4 Rd7 26. Rh3 Qd8 27.
Rxh6+ Kg8 28. Rxg6+ Kh7 29. Rg7+ 1-0

[Event "IV Trofeo Giovanni Pico"]
[Site "Mirandola ITA"]
[Date "2011.01.15"]
[Round "2"]
[White "Molinari, Enzo"]
[Black "Cocuzzi, Edoardo"]
[Result "0-1"]
[WhiteElo "1491"]
[BlackElo "1967"]
[PlyCount "66"]
[EventDate "2011.01.14"]

1. d4 d5 2. Nf3 Nf6 3. e3 e6 4. c4 c6 5. Nc3 Bd6 6. cxd5 exd5 7. Be2 Qc7 8. Qc2
h6 9. e4 Nxe4 10. Nxe4 dxe4 11. Qxe4+ Be6 12. Bd2 Nd7 13. Rc1 O-O 14. a3 Rae8
15. Qd3 Bd5 16. Ne5 Nxe5 17. dxe5 Rxe5 18. O-O Be4 19. Qb3 Bxg2 20. Rfe1 Bd5
21. Qd3 Qd7 22. Bf4 Rxe2 23. Bxd6 Rxe1+ 24. Rxe1 Qxd6 25. Re3 Qg6+ 26. Qxg6
fxg6 27. Re7 Rf7 28. Re8+ Kh7 29. b4 Rf3 30. Re3 Rxe3 31. fxe3 g5 32. Kf2 Kg6
33. Kg3 Kf5 0-1

[Event "IV Trofeo Giovanni Pico"]
[Site "Mirandola ITA"]
[Date "2011.01.15"]
[Round "2"]
[White "Cullen, Anthony P."]
[Black "Minelli, Giancarlo"]
[Result "1-0"]
[WhiteElo "2128"]
[BlackElo "1401"]
[PlyCount "56"]
[EventDate "2011.01.14"]

1. d4 d5 2. Nf3 e6 3. c4 c6 4. e3 Bb4+ 5. Nbd2 Nf6 6. a3 Ba5 7. Bd3 O-O 8. O-O
a6 9. Ne5 Nbd7 10. f4 c5 11. Rf3 cxd4 12. cxd5 exd5 13. exd4 Re8 14. Nb3 Bc7
15. Qc2 Nf8 16. Bd2 b5 17. Nc5 Bb6 18. b4 Ne6 19. Be3 Qd6 20. g4 Nf8 21. f5
Rxe5 22. dxe5 Qxe5 23. Re1 Nxg4 24. Rg3 h5 25. Qd2 Bxf5 26. Bxf5 Qxf5 27. Rf1
Qe5 28. Bd4 Qd6 1-0

[Event "IV Trofeo Giovanni Pico"]
[Site "Mirandola ITA"]
[Date "2011.01.18"]
[Round "2"]
[White "Vincenzi, Marco"]
[Black "Modena, Giorgio"]
[Result "1/2-1/2"]
[WhiteElo "2091"]
[BlackElo "1938"]
[PlyCount "174"]
[EventDate "2011.01.14"]

1. e4 e6 2. d4 d5 3. Nc3 Bb4 4. e5 c5 5. a3 Bxc3+ 6. bxc3 Ne7 7. Nf3 Qc7 8. a4
b6 9. Bb5+ Bd7 10. Bd3 cxd4 11. cxd4 Nbc6 12. O-O Nb4 13. Ba3 Nxd3 14. cxd3 Bc6
15. Qd2 O-O 16. Rfc1 Rfe8 17. a5 b5 18. Bxe7 Rxe7 19. Qb4 Rc8 20. Rc5 Qd8 21.
Rac1 Rec7 22. Qc3 Qd7 23. Nd2 a6 24. Nb3 Kf8 25. Rc2 Ke8 26. Qd2 Bb7 27. Qg5
Kf8 28. Qc1 Rc6 29. Qa3 Qe7 30. f4 g6 31. Qc1 Qd7 32. Qe1 Qe7 33. Kf1 Qd8 34.
Ke2 Qe7 35. Ke3 R8c7 36. Qg3 Rxc5 37. Nxc5 Bc8 38. Qg5 Qxg5 39. fxg5 Ke7 40.
Rf2 Rc6 41. Rf4 Kf8 42. h4 Kg7 43. g4 Kf8 44. h5 Kg7 45. Rf1 Kf8 46. Kd2 Kg7
47. Kc3 Rc7 48. Kb4 Kf8 49. Rh1 Ke7 50. Rf1 Ke8 51. Rc1 Kd8 52. hxg6 hxg6 53.
Rh1 Ke7 54. Rh8 Rc6 55. Nb3 Rc7 56. Rg8 Rc6 57. Rh8 Rc7 58. Rh1 Rc6 59. Rc1
Rxc1 60. Nxc1 Kd7 61. Kc5 Kc7 62. Ne2 Bb7 63. Nf4 Bc8 64. Nh5 Bd7 65. Nf4 Bc6
66. Nh3 Bb7 67. Nf2 Bc6 68. Nd1 Bb7 69. Nc3 Bc6 70. Na2 Ba8 71. Nb4 Bb7 72. Nc2
Ba8 73. Ne3 Bc6 74. Kb4 Bb7 75. Kc5 Bc6 76. Ng2 Bd7 77. Nf4 Bc6 78. Nh5 Be8 79.
Nf6 Bc6 80. Kb4 Bd7 81. Ng8 Bc6 82. Kc5 Bd7 83. Nf6 Bc6 84. Nh5 Be8 85. Nf6 Bc6
86. Ng8 Bd7 87. Nf6 Bc6 1/2-1/2

[Event "IV Trofeo Giovanni Pico"]
[Site "Mirandola ITA"]
[Date "2011.01.15"]
[Round "2"]
[White "Ballista, Massimiliano"]
[Black "Dionigi, Riccardo"]
[Result "1/2-1/2"]
[WhiteElo "1611"]
[BlackElo "1818"]
[PlyCount "73"]
[EventDate "2011.01.14"]

1. e4 e5 2. Bc4 Nf6 3. d3 Bc5 4. Nf3 Nc6 5. c3 O-O 6. O-O d5 7. exd5 Nxd5 8.
Re1 Bg4 9. Nbd2 Nb6 10. Ne4 Be7 11. Bb3 Qd7 12. Ng3 Rad8 13. Bc2 f6 14. h3 Be6
15. Qe2 Bf7 16. Be3 Nd5 17. a3 Nxe3 18. Qxe3 Bd6 19. Ne4 Rfe8 20. Rad1 Bd5 21.
Nxd6 cxd6 22. Nh4 Bf7 23. Qe4 d5 24. Qf5 Qxf5 25. Nxf5 Bg6 26. Ng3 d4 27. Ne2
dxc3 28. bxc3 Rd6 29. f4 Red8 30. fxe5 Nxe5 31. Bb3+ Kf8 32. d4 Nd3 33. Rf1 Re8
34. Nf4 Nxf4 35. Rxf4 Re3 36. Rf3 Re2 37. Rf2 1/2-1/2

[Event "IV Trofeo Giovanni Pico"]
[Site "Mirandola ITA"]
[Date "2011.01.15"]
[Round "2"]
[White "Ricci, Alfredo"]
[Black "Dorati, Giuseppe"]
[Result "1-0"]
[WhiteElo "1964"]
[BlackElo "1811"]
[PlyCount "77"]
[EventDate "2011.01.14"]

1. e4 e6 2. d4 d5 3. Nc3 dxe4 4. Nxe4 Bd7 5. Nf3 Bc6 6. Bd3 Bxe4 7. Bxe4 c6 8.
O-O Nf6 9. Bd3 Bd6 10. Qe2 Nbd7 11. Bg5 Qc7 12. a3 O-O 13. Rfe1 Rfe8 14. Ne5 h6
15. Bh4 c5 16. Nxd7 Nxd7 17. d5 Bxh2+ 18. Kh1 Be5 19. c4 Bf6 20. Bg3 Qd8 21. d6
Nf8 22. Rab1 Bh4 23. Be5 f6 24. Bh2 e5 25. Red1 Qd7 26. Qh5 Bxf2 27. b4 b6 28.
Bf5 Qf7 29. Qf3 Bd4 30. bxc5 Bxc5 31. Bg1 Bxg1 32. Kxg1 Rab8 33. Qc6 Red8 34.
c5 bxc5 35. Rxb8 Rxb8 36. Qc7 Qb3 37. Rd3 Qb6 38. Rg3 Rb7 39. Rxg7+ 1-0

[Event "IV Trofeo Giovanni Pico"]
[Site "Mirandola ITA"]
[Date "2011.01.15"]
[Round "2"]
[White "Solinas, Roberto"]
[Black "Malago', Federico"]
[Result "1-0"]
[WhiteElo "1740"]
[BlackElo "1960"]
[PlyCount "112"]
[EventDate "2011.01.14"]

1. d4 e6 2. Nf3 f5 3. e3 Nf6 4. Bd3 Be7 5. Nbd2 O-O 6. O-O d6 7. c4 Qe8 8. e4
fxe4 9. Nxe4 Nxe4 10. Bxe4 c6 11. Qc2 Qh5 12. Ne1 d5 13. Bf3 Qf7 14. b3 Nd7 15.
Qe2 Bd6 16. g3 Nf6 17. Nd3 h6 18. Bg2 Bd7 19. Ne5 Bxe5 20. dxe5 Nh7 21. Ba3
Rfe8 22. cxd5 cxd5 23. Rfc1 Rac8 24. Rxc8 Rxc8 25. Rc1 Rxc1+ 26. Bxc1 Qf5 27.
f4 Qb1 28. Qb2 Qd3 29. Qd2 Bb5 30. Qxd3 Bxd3 31. Kf2 Nf8 32. Ke3 Bb5 33. Kd4 g6
34. Kc5 Bc6 35. Kd6 Kf7 36. Bb2 Nd7 37. Bd4 a6 38. g4 Nf8 39. h4 Ke8 40. h5 Bb5
41. Bf3 Bd3 42. g5 hxg5 43. fxg5 Kf7 44. h6 Nh7 45. Be3 b5 46. b4 Bc4 47. a3 d4
48. Bxd4 Nxg5 49. Bb7 Nh7 50. Bxa6 g5 51. a4 g4 52. Bxb5 Bd5 53. Bc6 Bf3 54.
Bxf3 gxf3 55. a5 Ng5 56. a6 Ne4+ 1-0

[Event "IV Trofeo Giovanni Pico"]
[Site "Mirandola ITA"]
[Date "2011.01.15"]
[Round "2"]
[White "Franco, Alessandro P."]
[Black "Ombasic, Dzemil"]
[Result "1-0"]
[WhiteElo "1925"]
[BlackElo "1730"]
[PlyCount "97"]
[EventDate "2011.01.14"]

1. e4 e5 2. Nf3 Nc6 3. Bb5 a6 4. Ba4 d6 5. O-O Be7 6. c3 Nf6 7. Re1 O-O 8. h3
Re8 9. d4 exd4 10. cxd4 d5 11. e5 Ne4 12. Nc3 f5 13. Nxd5 Be6 14. Ne3 Bb4 15.
Re2 b5 16. Bc2 Ne7 17. Nxf5 Bxf5 18. Bxe4 Bxe4 19. Rxe4 c5 20. Bg5 Qd5 21. Qd3
c4 22. Qc2 h6 23. Bxe7 Rxe7 24. Rf4 Rc8 25. Qe4 Qxe4 26. Rxe4 c3 27. bxc3 Bxc3
28. Rd1 Rc4 29. Re3 Kf7 30. d5 Ke8 31. e6 Rc8 32. d6 Rd8 33. d7+ Kf8 34. Rxc3
Rxe6 35. Rc8 Ke7 36. Rxd8 Kxd8 37. Rd5 Re7 38. Kf1 a5 39. Nd4 Rxd7 40. Rxd7+
Kxd7 41. Nxb5 Kc6 42. Nc3 Kc5 43. Ke2 Kc4 44. Kd2 g5 45. g3 h5 46. Ne4 g4 47.
hxg4 hxg4 48. Kc2 Kd4 49. Nf6 1-0

[Event "IV Trofeo Giovanni Pico"]
[Site "Mirandola ITA"]
[Date "2011.01.15"]
[Round "2"]
[White "Zuccaro, Guido"]
[Black "Caldonazzo, Matteo"]
[Result "0-1"]
[WhiteElo "1728"]
[BlackElo "1914"]
[PlyCount "58"]
[EventDate "2011.01.14"]

1. c4 f5 2. Nc3 Nf6 3. d3 d6 4. g3 g6 5. Bg2 Bg7 6. e4 c6 7. Nge2 Na6 8. O-O
O-O 9. Rb1 e5 10. b4 Qc7 11. h3 Be6 12. b5 Nc5 13. Qc2 fxe4 14. Nxe4 Ncxe4 15.
dxe4 cxb5 16. Rxb5 Bxc4 17. Rb4 Rac8 18. Be3 b5 19. Rc1 Qa5 20. Rb2 Be6 21. Qd3
Rxc1+ 22. Nxc1 Rc8 23. Qxd6 Bc4 24. Rd2 Qc3 25. Nb3 Bxb3 26. axb3 Qxb3 27. Bxa7
Re8 28. Qc6 Qc4 29. Bc5 Qc1+ 0-1

[Event "IV Trofeo Giovanni Pico"]
[Site "Mirandola ITA"]
[Date "2011.01.15"]
[Round "2"]
[White "Guglielmi, Dante"]
[Black "Rovatti, Guido"]
[Result "1-0"]
[WhiteElo "1911"]
[BlackElo "1686"]
[PlyCount "25"]
[EventDate "2011.01.14"]

1. c4 e5 2. Nc3 Nf6 3. g3 Bc5 4. Bg2 c6 5. e3 O-O 6. Nge2 d5 7. cxd5 Nxd5 8.
Nxd5 cxd5 9. Qb3 e4 10. Nf4 d4 11. Bxe4 Nc6 12. O-O Rb8 13. Bxc6 1-0

[Event "IV Trofeo Giovanni Pico"]
[Site "Mirandola ITA"]
[Date "2011.01.15"]
[Round "2"]
[White "Pinna, Ferdinando"]
[Black "Santamato, Luigi"]
[Result "1-0"]
[WhiteElo "1889"]
[BlackElo "1651"]
[PlyCount "99"]
[EventDate "2011.01.14"]

1. e4 c6 2. d4 d5 3. Nc3 dxe4 4. Nxe4 Bf5 5. Ng3 Bg6 6. h4 h6 7. Nf3 Nd7 8. h5
Bh7 9. Bd3 Bxd3 10. Qxd3 Ngf6 11. Bd2 e6 12. O-O-O Qc7 13. Ne4 Nxe4 14. Qxe4
Nf6 15. Qe2 O-O-O 16. g3 Bd6 17. c4 c5 18. Bc3 Qc6 19. Ne5 Bxe5 20. Qxe5 cxd4
21. Bxd4 Qxc4+ 22. Kb1 Qd5 23. Rc1+ Kd7 24. Rc7+ Ke8 25. Qxd5 Nxd5 26. Rxb7 Rd7
27. Rb8+ Rd8 28. Rxd8+ Kxd8 29. Bxg7 Rh7 30. Bd4 a6 31. Rc1 Kd7 32. Rc5 f5 33.
Ra5 f4 34. Rxa6 Rf7 35. Ra7+ Ke8 36. Ra8+ Kd7 37. Ra7+ Ke8 38. Rxf7 Kxf7 39.
Be5 f3 40. a3 Ne3 41. Kc1 Ng4 42. Bd4 e5 43. Bb6 e4 44. Kd2 Ke6 45. Be3 Kd5 46.
a4 Kc4 47. b3+ Kb4 48. Bb6 Kxb3 49. a5 Ne5 50. Ke3 1-0

[Event "IV Trofeo Giovanni Pico"]
[Site "Mirandola ITA"]
[Date "2011.01.15"]
[Round "2"]
[White "Bertolazzi, Andrea"]
[Black "Porpora, Ivano"]
[Result "0-1"]
[WhiteElo "1604"]
[BlackElo "1884"]
[PlyCount "116"]
[EventDate "2011.01.14"]

1. e4 g6 2. d4 Bg7 3. Nf3 d6 4. h3 Nf6 5. Nc3 O-O 6. Bc4 Nc6 7. O-O e5 8. dxe5
dxe5 9. Qxd8 Nxd8 10. Re1 Nc6 11. Nb5 Ne8 12. a3 a6 13. Nc3 Nd6 14. Bd3 Be6 15.
Ng5 Bh6 16. Nxe6 Bxc1 17. Raxc1 fxe6 18. Ne2 b5 19. c4 b4 20. c5 Nb5 21. Bxb5
axb5 22. axb4 Nxb4 23. Red1 Rfd8 24. Nc3 Nd3 25. Rb1 b4 26. Nb5 Nxc5 27. Rxd8+
Rxd8 28. Rc1 Nxe4 29. Re1 Nc5 30. Rxe5 Rd1+ 31. Kh2 Rd5 32. Rxd5 exd5 33. Nxc7
d4 34. Kg1 b3 35. Kf1 Kf7 36. Ke2 Kf6 37. Nd5+ Ke5 38. Nb4 Ke4 39. f3+ Ke5 40.
Nd3+ Kd5 41. Nxc5 Kxc5 42. Kd3 Kd5 43. g3 h6 44. h4 Kc5 45. g4 g5 46. hxg5 hxg5
47. Ke4 Kc4 48. f4 d3 49. Kf3 gxf4 50. g5 Kd5 51. g6 Ke6 52. g7 Kf7 53. g8=Q+
Kxg8 54. Kf2 Kg7 55. Ke1 Kg6 56. Kd2 Kg5 57. Kxd3 Kg4 58. Ke2 Kg3 0-1

[Event "IV Trofeo Giovanni Pico"]
[Site "Mirandola ITA"]
[Date "2011.01.15"]
[Round "2"]
[White "Rosmini, Edward"]
[Black "Bartiromo, Gerardo"]
[Result "1-0"]
[WhiteElo "1873"]
[BlackElo "1634"]
[PlyCount "97"]
[EventDate "2011.01.14"]

1. d4 d5 2. c4 e6 3. Nc3 c6 4. Nf3 Nf6 5. Bg5 Be7 6. e3 Nbd7 7. Rc1 O-O 8. Bd3
dxc4 9. Bxc4 Nd5 10. Bxe7 Nxe7 11. O-O Qa5 12. a3 Ng6 13. Bd3 Qh5 14. Ne4 e5
15. Ng3 Qh6 16. Bxg6 Qxg6 17. dxe5 Qe6 18. Qd4 f6 19. exf6 Nxf6 20. Rfd1 Qg4
21. h3 Qxd4 22. Rxd4 Nd5 23. Nd2 Be6 24. Nde4 Rad8 25. Rcd1 b6 26. Ng5 Bc8 27.
e4 h6 28. Nf3 Bxh3 29. exd5 c5 30. R4d3 Bg4 31. Re1 Bxf3 32. gxf3 Rd7 33. Kg2
c4 34. Rd4 b5 35. d6 a6 36. Ne4 Rfd8 37. Red1 Rc8 38. Rd5 Kf7 39. Nc5 Rdd8 40.
d7 Rb8 41. Nxa6 Rb7 42. Nc5 Rc7 43. Ne4 g6 44. Nd6+ Ke6 45. Nxb5 Rb7 46. a4 Rb6
47. a5 Rc6 48. a6 c3 49. bxc3 1-0

[Event "IV Trofeo Giovanni Pico"]
[Site "Mirandola ITA"]
[Date "2011.01.15"]
[Round "2"]
[White "Raisi, Michele"]
[Black "Vitiello, Luigi"]
[Result "1/2-1/2"]
[WhiteElo "1525"]
[BlackElo "1850"]
[PlyCount "79"]
[EventDate "2011.01.14"]

1. e4 e5 2. Nf3 Nc6 3. Bc4 Nf6 4. Nc3 Nxe4 5. Nxe4 d5 6. Bd3 dxe4 7. Bxe4 Nd4
8. Nxd4 exd4 9. Qf3 c6 10. O-O Be7 11. Re1 O-O 12. a4 Rb8 13. b3 Be6 14. d3 f5
15. Bxc6 Bxb3 16. cxb3 bxc6 17. Qxc6 Rb6 18. Qc4+ Kh8 19. a5 Rb4 20. Qe6 Rb7
21. Re5 Rf6 22. Qd5 Qxd5 23. Rxd5 Rxb3 24. Rxd4 Rd6 25. Rxd6 Bxd6 26. d4 a6 27.
g3 Rd3 28. Be3 h6 29. Rc1 Bb4 30. Rc6 Bxa5 31. Rxa6 Bc3 32. Ra3 Rd1+ 33. Kg2
Bxd4 34. Bxd4 Rxd4 35. Ra7 Kh7 36. Ra6 Rg4 37. f4 Rg6 38. Rxg6 Kxg6 39. Kf3 Kf6
40. Ke3 1/2-1/2

[Event "IV Trofeo Giovanni Pico"]
[Site "Mirandola ITA"]
[Date "2011.01.15"]
[Round "2"]
[White "Coqueraut, Jean Dominique"]
[Black "Di Trapani, Luigi"]
[Result "1-0"]
[WhiteElo "1815"]
[BlackElo "1606"]
[PlyCount "67"]
[EventDate "2011.01.14"]

1. d4 d5 2. c4 Nf6 3. Nc3 e6 4. Bg5 Be7 5. e3 c6 6. Nf3 Nbd7 7. Bd3 O-O 8. O-O
b6 9. Rc1 Bb7 10. Ne5 Rc8 11. f4 Re8 12. Qf3 Rc7 13. Qh3 Nf8 14. g4 dxc4 15.
Bxc4 c5 16. Nb5 Rc8 17. Nxa7 Ra8 18. Nac6 Bxc6 19. Nxc6 Qd6 20. Nxe7+ Qxe7 21.
dxc5 bxc5 22. Qf3 h6 23. Bh4 Ng6 24. Be1 Nd5 25. Bd2 Rab8 26. b3 Red8 27. e4
Nb6 28. Be3 Nxc4 29. Rxc4 Rdc8 30. Qf2 Rb5 31. h3 Qd6 32. Qc2 Qc6 33. a4 Rb4
34. Rxc5 1-0

[Event "IV Trofeo Giovanni Pico"]
[Site "Mirandola ITA"]
[Date "2011.01.15"]
[Round "2"]
[White "Necesito, Donald"]
[Black "Garofalo, Sergio"]
[Result "0-1"]
[WhiteElo "1437"]
[BlackElo "1777"]
[PlyCount "110"]
[EventDate "2011.01.14"]

1. e4 e5 2. Nf3 Nc6 3. Bb5 Nd4 4. Nxd4 exd4 5. d3 Bc5 6. Bc4 Qf6 7. O-O d6 8.
c3 Ne7 9. a4 a5 10. Bd2 Qg6 11. Qf3 O-O 12. Kh1 Be6 13. Na3 c6 14. Nc2 Bxc4 15.
dxc4 f5 16. cxd4 fxe4 17. Qb3 Bb4 18. Nxb4 axb4 19. Bxb4 Nf5 20. Rad1 Kh8 21.
Qc3 Rae8 22. Rde1 Rf6 23. Qh3 Qf7 24. Bc3 d5 25. cxd5 cxd5 26. Bd2 Nxd4 27. Bc3
Rh6 28. Qxh6 gxh6 29. Bxd4+ Kg8 30. Re3 Rc8 31. Rg3+ Kf8 32. b4 Rc4 33. Bc5+
Ke8 34. f4 d4 35. f5 e3 36. Bxd4 Rxd4 37. Rxe3+ Kd7 38. f6 Qxf6 39. Ree1 Qg6
40. Rf7+ Kd8 41. Rxb7 Qd6 42. h3 Rd1 43. Rxd1 Qxd1+ 44. Kh2 Qd6+ 45. Kh1 Qd1+
46. Kh2 Qxa4 47. Rxh7 Qxb4 48. Rf7 Qd6+ 49. Kh1 h5 50. Rf1 h4 51. Rf7 Ke8 52.
Rb7 Qd5 53. Rh7 Qe4 54. Ra7 Qb1+ 55. Kh2 Qb8+ 0-1

[Event "IV Trofeo Giovanni Pico"]
[Site "Mirandola ITA"]
[Date "2011.01.15"]
[Round "3"]
[White "Malfagia, Andrea"]
[Black "Campini, Marco"]
[Result "1-0"]
[WhiteElo "2286"]
[BlackElo "2086"]
[PlyCount "79"]
[EventDate "2011.01.14"]

1. d4 d5 2. c4 e6 3. Nc3 c6 4. e4 dxc4 5. Bxc4 b5 6. Bb3 b4 7. Nce2 Nf6 8. Qc2
Be7 9. Bg5 O-O 10. Nf3 Bb7 11. Rd1 Nbd7 12. Be3 Qa5 13. O-O Rfc8 14. Qb1 c5 15.
d5 c4 16. Bc2 e5 17. Ng3 g6 18. Rc1 Bd6 19. Bd1 Nb6 20. Be2 Nbd7 21. Rfd1 Rc7
22. Nf1 Ba6 23. N1d2 Rac8 24. Bf1 Bb5 25. Qa1 Qa6 26. Nb1 Ba4 27. Re1 Bb3 28.
a3 Qa4 29. Nfd2 c3 30. bxc3 bxc3 31. Rxc3 Bc2 32. Rxc7 Rxc7 33. Nc3 Qa5 34. Nb5
Bc5 35. Nxc7 Bxe3 36. Rxe3 Qxd2 37. Qe1 Qd4 38. Nb5 Qa4 39. Qb4 a6 40. Nc3 1-0

[Event "IV Trofeo Giovanni Pico"]
[Site "Mirandola ITA"]
[Date "2011.01.15"]
[Round "3"]
[White "Di Trapani, Davide"]
[Black "Drei, Andrea"]
[Result "0-1"]
[WhiteElo "1994"]
[BlackElo "2266"]
[PlyCount "102"]
[EventDate "2011.01.14"]

1. e4 c5 2. Nf3 a6 3. c3 d5 4. e5 Nc6 5. d3 Bg4 6. Bf4 e6 7. Nbd2 Nge7 8. h3
Bxf3 9. Nxf3 Ng6 10. Bh2 Qc7 11. a3 Qb6 12. Qc2 Be7 13. Be2 O-O 14. O-O Rac8
15. Rae1 d4 16. c4 Qc7 17. Bd1 b5 18. Re4 Rb8 19. h4 Rfd8 20. h5 Nf8 21. b3 Rb7
22. Qe2 Rdb8 23. Nd2 Nd7 24. f4 g6 25. g4 Qd8 26. f5 Bg5 27. hxg6 hxg6 28. f6
Be3+ 29. Rxe3 dxe3 30. Qxe3 Qf8 31. Bf4 g5 32. Bh2 Qh6 33. Rf3 Ncxe5 34. Bxe5
Nxe5 35. Qxe5 Rd8 36. cxb5 axb5 37. Kg2 Rbd7 38. Be2 Rd5 39. Qe3 Qg6 40. Ne4
Re5 41. Qc1 Rd4 42. Qe1 c4 43. Qa5 Red5 44. Nc3 Rxg4+ 45. Kf2 Rf5 46. Qd8+ Kh7
47. bxc4 bxc4 48. dxc4 Rxf3+ 49. Kxf3 Qf5+ 50. Ke3 Qe5+ 51. Kd3 Rg3+ 0-1

[Event "IV Trofeo Giovanni Pico"]
[Site "Mirandola ITA"]
[Date "2011.01.15"]
[Round "3"]
[White "Guanciale, Orazio"]
[Black "La Venia, Stefano"]
[Result "1-0"]
[WhiteElo "2193"]
[BlackElo "2041"]
[PlyCount "113"]
[EventDate "2011.01.14"]

1. f4 Nf6 2. Nf3 e6 3. e3 d5 4. b3 Bd6 5. Bb2 Nbd7 6. Bd3 b6 7. O-O Bb7 8. a4
a6 9. Ne5 O-O 10. Nxd7 Nxd7 11. Qh5 f5 12. Rf3 Rf7 13. Rh3 Nf8 14. Nc3 Rf6 15.
Ne2 Rh6 16. Qf3 Rg6 17. Ng3 Qd7 18. Nh5 Be7 19. Kf2 c5 20. Rg1 c4 21. Bf1 d4
22. Qe2 c3 23. dxc3 dxe3+ 24. Ke1 Rd8 25. Bc1 Qc6 26. Qc4 Qxc4 27. Bxc4 Bxg2
28. Rg3 Rxg3 29. Nxg3 Bf3 30. Bxe3 Bf6 31. Kf2 Bb7 32. Nxf5 g6 33. Bd4 Kf7 34.
Bxf6 Kxf6 35. Nd4 Rd6 36. Re1 a5 37. Re2 Bd5 38. Bxd5 Rxd5 39. Nf3 b5 40. axb5
Rxb5 41. Re5 Rxe5 42. Nxe5 Kf5 43. Nd3 Nd7 44. c4 a4 45. bxa4 Nb6 46. a5 Nxc4
47. a6 Nb6 48. Ke3 h6 49. Kd4 g5 50. fxg5 hxg5 51. Kc5 Nd7+ 52. Kd6 Nb6 53. Kc6
Nc8 54. Kc7 Na7 55. Kb7 Nb5 56. c4 Nd6+ 57. Kc7 1-0

[Event "IV Trofeo Giovanni Pico"]
[Site "Mirandola ITA"]
[Date "2011.01.15"]
[Round "3"]
[White "Camerini, Lorenzo"]
[Black "Basso, Pier Luigi"]
[Result "0-1"]
[WhiteElo "2111"]
[BlackElo "1981"]
[PlyCount "72"]
[EventDate "2011.01.14"]

1. c4 Nf6 2. g3 d6 3. Bg2 c6 4. Nc3 g6 5. e3 Bg7 6. Nge2 O-O 7. O-O Nbd7 8. d4
Nb6 9. b3 e5 10. e4 exd4 11. Nxd4 d5 12. cxd5 cxd5 13. e5 Ne4 14. Nxe4 dxe4 15.
Bf4 g5 16. Be3 Bxe5 17. Qh5 f6 18. Bxe4 Qe7 19. Rad1 Bxg3 20. Qxh7+ Qxh7 21.
Bxh7+ Kxh7 22. hxg3 Nd5 23. Bc1 Nc3 24. Rd3 Rd8 25. Rxc3 Rxd4 26. Re1 Bf5 27.
Rc7+ Kg6 28. Rxb7 Be4 29. Re7 Bf3 30. R7e3 g4 31. Bb2 Rd6 32. Bc3 Rh8 33. Rxf3
gxf3 34. Re3 Rd1+ 35. Be1 Kf7 36. Re4 Re8 0-1

[Event "IV Trofeo Giovanni Pico"]
[Site "Mirandola ITA"]
[Date "2011.01.15"]
[Round "3"]
[White "Chiaretti, Roberto"]
[Black "Cullen, Anthony P."]
[Result "1/2-1/2"]
[WhiteElo "2205"]
[BlackElo "2128"]
[PlyCount "85"]
[EventDate "2011.01.14"]

1. e4 c5 2. Nf3 a6 3. Nc3 e6 4. d4 cxd4 5. Nxd4 Qc7 6. Bd3 Nc6 7. Nxc6 Qxc6 8.
O-O d6 9. Re1 Be7 10. f4 Nf6 11. e5 Nd5 12. Nxd5 Qxd5 13. Qg4 g6 14. Be3 h5 15.
Qg3 h4 16. Qf2 h3 17. g3 Bd7 18. Bb6 dxe5 19. Rxe5 Qd6 20. Ree1 Rc8 21. Rad1
Qxb6 22. Qxb6 Bc5+ 23. Qxc5 Rxc5 24. c4 a5 25. b3 Bc6 26. Kf2 Ke7 27. Bf1 b5
28. g4 bxc4 29. bxc4 Bg2 30. Be2 g5 31. fxg5 Rxg5 32. Rd2 f5 33. gxf5 Rxf5+ 34.
Ke3 Rh4 35. Rd4 Re5+ 36. Kd3 Rxd4+ 37. Kxd4 Re4+ 38. Kd3 Rf4 39. Ke3 e5 40. Rb1
Re4+ 41. Kd2 Rd4+ 42. Kc3 Re4 43. Kd3 1/2-1/2

[Event "IV Trofeo Giovanni Pico"]
[Site "Mirandola ITA"]
[Date "2011.01.18"]
[Round "3"]
[White "Vincenzi, Marco"]
[Black "Scali, Fausto"]
[Result "1-0"]
[WhiteElo "2091"]
[BlackElo "1963"]
[PlyCount "33"]
[EventDate "2011.01.14"]

1. e4 c5 2. Nf3 e6 3. d4 cxd4 4. Nxd4 Bb4+ 5. Nc3 Qe7 6. Bd3 Nc6 7. Nxc6 dxc6
8. O-O e5 9. f4 Nf6 10. f5 Bc5+ 11. Kh1 h5 12. Be2 Bd7 13. Bg5 O-O-O 14. Bxf6
gxf6 15. Qe1 h4 16. Na4 Bd4 17. c4 1-0